| 000 -ლიდერი |
| ფიქსირებული სიგრძის საკონტროლო ველი |
01582nam a2200265Ia 4500 |
| 001 - საკონტროლო ნომერი |
| საკონტროლო ველი |
21847 |
| 003 - საკონტროლო ნომრის იდენტიფიკატორი |
| საკონტროლო ველი |
GE_BSU |
| 005 - ბოლო ოპერაციის თარიღი და დრო |
| საკონტროლო ველი |
20220608173707.0 |
| 008 - ფიქსირებული სიგრძის მონაცემთა ელემენტები - ზოგადი ინფორმაცია |
| ფიქსირებული სიგრძის საკონტროლო ველი |
181216s2016||||ge |||||||||||||| ||geo|| |
| 020 ## - წიგნის საერთაშორისო სტანდარტული ნომერი |
| International Standard Book Number |
ISSN 1987-524X |
| 040 ## - კატალოგიზაციის წყარო |
| Transcribing agency |
GE_BSU |
| 041 ## - ენის კოდი |
| Language code of text/sound track or separate title |
geo |
| 080 ## - უნივერსალური ათობითი კლასიფიკაციის ინდექსი |
| Universal Decimal Classification number |
94(479.223) ს-249 |
| 245 ## - ცნობა სათაურის შესახებ |
| Title |
სამხრეთ-დასავლეთ საქართველოს ისტორიისა და არქეოლოგიის საკითხები VI (I) / |
| Statement of responsibility, etc |
მთავ. რედ. ბ. დიასამიძე ; პასუხისმგ. რედ. ო. ჯიბაშვილი. |
| 264 ## - წარმოების, გამოცემის, დისტრიბუციის და სხვა ცნობები |
| გამოცემის, წარმოების, დისტრიბუციის... ადგილი |
ბათუმი : |
| გამოცემის, წარმოების, დისტრიბუციის... სახელწოდება |
ბსუ, |
| გამოცემის, წარმოების, დისტრიბუციის... თარიღი |
2016. |
| 300 ## - ფიზიკური აღწერა |
| Extent |
319 გვ. : |
| Other physical details |
ილ. ; |
| Dimensions |
20 სმ. |
| 546 ## - LANGUAGE NOTE |
| Language note |
პარალელური სათაური ინგლისურ და რუსულ ენენებზე |
| 653 ## - INDEX TERM--UNCONTROLLED |
| Uncontrolled term |
ისტორია |
| 653 ## - INDEX TERM--UNCONTROLLED |
| Uncontrolled term |
სამხრეთ-დასავლეთ საქართველოს ისტორიისა და არქეოლოგიის საკითხები VI (I) |
| 700 ## - ADDED ENTRY--PERSONAL NAME |
| Personal name |
დიასამიძე, ბ. |
| Relator term |
რედაქტორი |
| 9 (RLIN) |
14024 |
| 700 ## - ADDED ENTRY--PERSONAL NAME |
| Personal name |
ჯიბაშვილი, ო. |
| Relator term |
რედაქტორი |
| 9 (RLIN) |
13626 |
| 710 ## - ADDED ENTRY--CORPORATE NAME |
| Corporate name or jurisdiction name as entry element |
ბათუმის შოთა რუსთაველის სახელმწიფო უნივერსიტეტი |
| Subordinate unit |
ნიკო ბერძენიშვილის ინსტიტუტი |
| 9 (RLIN) |
14025 |
| 942 ## - ADDED ENTRY ELEMENTS (KOHA) |
| Koha item type |
წიგნი |
| Source of classification or shelving scheme |
|